000 00523nam a2200181Ia 4500
003 GCL
008 140319s9999 xx 000 0 ara d
040 _aGCL /
_cGCL
082 0 4 _a620.16
_bا م
100 1 _aاحمد سالم الصباغ
245 1 0 _aالمتالورجيا الفيزيائية الفلترات /
_cاحمد سالم الصباغ
260 _a[S.N] :
_bعالم الكتب الحديث
300 _a463
490 _a
650 0 4 _aالمعادن
650 0 4 _aالفلزات
942 _2ddc
_cBK
999 _c31395
_d31395